Pays en tête du tableau des médailles de chaque édition des Jeux olympiques d'été. - Statistiques

Statistiques générales
  • Ce quiz a été pris 468 fois
  • Le résultat moyen est 6 sur 7
Statistiques - réponses
Edition Délégation % Correct
1896 | 1904 | 1912 | 1920 |1924 | 1928 | 1932 | 1948 | 1952 | 1964 | 1968 | 1984 | 1996 | 2000 | 2004 | 2012 | 2016 | 2020 | 2024 Etats-Unis
100%
2008 Chine
97%
1900 France
96%
1992 Ex-Union soviétique
92%
1956 | 1960 | 1972 | 1976 |1980 | 1988 Union soviétique
92%
1936 Allemagne
89%
1908 Grande-Bretagne
81%
Aucun quiz correspondant
Distribution des résultats
% des personnes avec chaque résultat
Percentile par nombre de réponses
Votre historique - résultats
Vous n’avez pas pris ce quiz